Textbook of Environmental Studies ; (Record no. 186777)

MARC details
000 -LEADER
fixed length control field 00627nam a22001937a 4500
005 - DATE AND TIME OF LATEST TRANSACTION
control field 20220315115241.0
010 ## - LCCN (DPL NO)
LC control number ENG-131989
020 ## - INTERNATIONAL STANDARD BOOK NUMBER
International Standard Book Number 9789389211788
Terms of availability 325.00
035 ## - SYSTEM CONTROL NUMBER
System control number EN-115521
037 ## - SOURCE OF ACQUISITION
Source of stock number/acquisition DBAD
082 ## - DEWEY DECIMAL CLASSIFICATION NUMBER
Classification number 333.707
100 ## - MAIN ENTRY--PERSONAL NAME
Personal name Bharucha,Erach
245 ## - TITLE STATEMENT
Title Textbook of Environmental Studies ;
Remainder of title for Undergraduate Courses/
Statement of responsibility, etc Erach Bharucha
250 ## - EDITION STATEMENT
Edition statement 3rd Edition
260 ## - PUBLICATION, DISTRIBUTION, ETC. (IMPRINT)
Place of publication, distribution, etc Telangana
Name of publisher, distributor, etc Universities press (india) Private Limited
Date of publication, distribution, etc 2021
270 ## - ADDRESS
Address 3-6-747/1/A&3-6-754/1 Himayatnagar,hyderabad
City Telangana
Postal code 500029
300 ## - PHYSICAL DESCRIPTION
Extent 266.p
Dimensions 24cm(pbk)
942 ## - ADDED ENTRY ELEMENTS (KOHA)
Source of classification or shelving scheme Dewey Decimal Classification
Item type English Books
Classification part 333.707
Call number suffix ENV
Holdings
Withdrawn status Lost status Not for loan Collection code Home library Current library Date acquired Source of acquisition Cost, normal purchase price Full call number Barcode Copy number Cost, replacement price Koha item type
      Non-fiction Bawana Bawana 15/03/2022 DBAD/PUB 325.00 333.707 BHA EN-115521 1 325.00 English Books

© Delhi Public Library
Hit Counter
free hit counter